Cinderella / (Record no. 7816)

MARC details
000 -LEADER
fixed length control field 01044nam a22002897a 4500
001 - CONTROL NUMBER
control field 7816
003 - CONTROL NUMBER IDENTIFIER
control field FISKH
005 - DATE AND TIME OF LATEST TRANSACTION
control field 20250811114545.0
008 - FIXED-LENGTH DATA ELEMENTS--GENERAL INFORMATION
fixed length control field 250811b cb ||||| |||| 00| 0 eng d
040 ## - CATALOGING SOURCE
Original cataloging agency FISKH
Language of cataloging eng
Transcribing agency FISKH
Modifying agency FISKH
050 ## - LIBRARY OF CONGRESS CALL NUMBER
Classification number PZ8.D28 C
082 ## - DEWEY DECIMAL CLASSIFICATION NUMBER
Classification number 398.2
100 ## - MAIN ENTRY--PERSONAL NAME
Personal name Davidson, Susanna
245 ## - TITLE STATEMENT
Title Cinderella /
Statement of responsibility, etc. Retold by Susanna Davidson ; Illustrated by Fabiano Fiorin
250 ## - EDITION STATEMENT
Edition statement This edition first published in 2004
260 ## - PUBLICATION, DISTRIBUTION, ETC.
Place of publication, distribution, etc. London :
Name of publisher, distributor, etc. Usborne,
Date of publication, distribution, etc. 2004
300 ## - PHYSICAL DESCRIPTION
Extent 48 pages :
Other physical details color illustrations ;
Dimensions 20 cm
505 ## - FORMATTED CONTENTS NOTE
Formatted contents note L<br/>
520 ## - SUMMARY, ETC.
Summary, etc. 'You? Go to the ball?' said Cinderella's stepmother. 'You must be joking. You belong in the kitchen.' But Cinderella's fairy godmother has other ideas. With a wave of her wand, the magic begins. Cinderella's life is about to change forever.<br/>
521 8# - TARGET AUDIENCE NOTE
Target audience note 510<br/>
Source Lexile<br/>
521 8# - TARGET AUDIENCE NOTE
Target audience note L<br/>
Source Raz-Plus<br/>
650 ## - SUBJECT ADDED ENTRY--TOPICAL TERM
Source of heading or term Cinderella
Topical term or geographic name entry element Princess
650 ## - SUBJECT ADDED ENTRY--TOPICAL TERM
Source of heading or term Fairy tales
Topical term or geographic name entry element Usborne
700 ## - ADDED ENTRY--PERSONAL NAME
Personal name Fiorin, Fabiano
Dates associated with a name illustrator
942 ## - ADDED ENTRY ELEMENTS (KOHA)
Source of classification or shelving scheme Dewey Decimal Classification
Koha item type Books
Suppress in OPAC No
Holdings
Withdrawn status Lost status Source of classification or shelving scheme Damaged status Not for loan Collection Home library Current library Shelving location Date acquired Total Checkouts Full call number Barcode Date due Date last seen Date last checked out Copy number Price effective from Koha item type
    Dewey Decimal Classification     Juvenile Fiction Footprints International School Library Network Toul Tom Poung Campus Footprints International School Library Network Toul Kork Campus TTP Primary Yellow Bookshelves 08/11/2025 1 DAV 398.2 PZ8.D28 C 2025-4041 08/25/2025 08/11/2025 08/11/2025 1 08/11/2025 Books